[Event "CRO Team Cup"]
[Site "Mali Losinj"]
[Date "2017.05.10"]
[Round "1.11"]
[White "Stevic, Hrvoje"]
[Black "Makaj, Marko"]
[Result "1-0"]
[WhiteElo "2600"]
[BlackElo "2330"]
[PlyCount "69"]
[EventDate "2017.??.??"]
[WhiteClock "1:30:00"]
[BlackClock "0:01:00"]

1. e4 c5 2. c3 g6 3. d4 cxd4 4. cxd4 d5 5. e5 Nc6 6. Bb5 Bg7 7. Nc3 Nh6 8. Nge2
O-O 9. O-O f6 10. exf6 exf6 11. Bxc6 bxc6 12. b3 Qe7 13. Re1 Re8 14. Bd2 Ba6
15. Ng3 Qf7 16. Na4 f5 17. Bf4 Ng4 18. Qd2 Rxe1+ 19. Rxe1 Re8 20. Rc1 Bb7 21.
Nc5 Bc8 22. f3 Nf6 23. Nd3 Nd7 24. Nb4 c5 25. dxc5 d4 26. Nc6 Qd5 27. Nxa7 Ba6
28. c6 Nc5 29. c7 d3 30. c8=Q Bxc8 31. Nxc8 Ne6 32. Nb6 Bd4+ 33. Be3 Qe5 34.
Bxd4 Qxd4+ 35. Qf2 1-0

[Event "CRO Team Cup"]
[Site "Mali Losinj"]
[Date "2017.05.10"]
[Round "1.12"]
[White "Nemec, Vjekoslav"]
[Black "Kozul, Zdenko"]
[Result "0-1"]
[WhiteElo "2172"]
[BlackElo "2617"]
[PlyCount "66"]
[EventDate "2017.??.??"]
[WhiteClock "0:13:47"]
[BlackClock "1:30:00"]

1. e4 c5 2. Nf3 e6 3. c3 Nf6 4. e5 Nd5 5. d4 cxd4 6. cxd4 b6 7. Bd3 Ba6 8. O-O
Bxd3 9. Qxd3 Nc6 10. Nc3 Nxc3 11. bxc3 Rc8 12. Bd2 d6 13. exd6 Qxd6 14. c4 Be7
15. d5 O-O 16. Qe4 Nd8 17. Rfd1 f5 18. Qe2 Bf6 19. Rab1 Re8 20. Bb4 Qd7 21. Qd3
e5 22. Qb3 Nb7 23. Ne1 e4 24. d6 Nc5 25. Qh3 g6 26. Rd5 Red8 27. Qa3 Ne6 28.
Qc1 Qc6 29. Qd1 Qxc4 30. d7 Rc6 31. Rd6 Nd4 32. Rxc6 Qxc6 33. Rc1 Qxc1 0-1

[Event "CRO Team Cup"]
[Site "Mali Losinj"]
[Date "2017.05.10"]
[Round "1.13"]
[White "Jankovic, Alojzije"]
[Black "Pavic, Jakov"]
[Result "1-0"]
[WhiteElo "2582"]
[BlackElo "2144"]
[PlyCount "75"]
[EventDate "2017.??.??"]
[WhiteClock "1:30:00"]
[BlackClock "0:05:55"]

1. d4 Nf6 2. c4 e6 3. Nc3 d5 4. Bf4 c5 5. Nf3 cxd4 6. Nxd4 a6 7. e3 Be7 8. Be2
O-O 9. O-O Nbd7 10. Bg3 dxc4 11. Bxc4 Nb6 12. Bb3 Nbd5 13. Nxd5 Nxd5 14. Qf3
Bd6 15. Rfd1 Bxg3 16. Qxg3 Bd7 17. e4 Nf6 18. e5 Nd5 19. Nf5 exf5 20. Bxd5 Qb6
21. Bb3 Rad8 22. Rd6 Qa5 23. Rad1 Be6 24. Bxe6 fxe6 25. Qb3 Rfe8 26. Rxd8 Rxd8
27. Qxe6+ Kh8 28. Rxd8+ Qxd8 29. g3 f4 30. gxf4 h6 31. Qd6 Qa5 32. e6 Qe1+ 33.
Kg2 Qe4+ 34. Kg3 h5 35. e7 Qe2 36. h3 Kh7 37. Qe5 h4+ 38. Kg2 1-0

[Event "CRO Team Cup"]
[Site "Mali Losinj"]
[Date "2017.05.10"]
[Round "1.14"]
[White "Kos, Bruno"]
[Black "Zelcic, Robert"]
[Result "0-1"]
[WhiteElo "1998"]
[BlackElo "2500"]
[PlyCount "106"]
[EventDate "2017.??.??"]
[WhiteClock "0:01:00"]
[BlackClock "1:30:00"]

1. d4 c5 2. c3 d5 3. Bf4 Nc6 4. e3 Nf6 5. Nf3 Qb6 6. Qb3 c4 7. Qxb6 axb6 8. Na3
Bf5 9. Nb5 Ra5 10. Nc7+ Kd7 11. Nd2 Nh5 12. Nxd5 Rxd5 13. Bxc4 Nxf4 14. Bxd5
Nxd5 15. e4 Nf4 16. exf5 Nxg2+ 17. Ke2 Nh4 18. Nc4 b5 19. Ne3 g6 20. fxg6 hxg6
21. a4 bxa4 22. Rxa4 Rh5 23. d5 Nd8 24. Rg1 Nf5 25. Nxf5 Rxf5 26. Rd1 Bg7 27.
h4 Bf6 28. Re4 Rh5 29. Kf3 Bxh4 30. Rh1 Rf5+ 31. Rf4 Rxf4+ 32. Kxf4 Bxf2 33.
Rf1 Bc5 34. c4 f6 35. Rb1 Bb4 36. Ra1 Bd6+ 37. Ke3 e6 38. Rf1 Be5 39. dxe6+
Nxe6 40. b4 g5 41. Rd1+ Nd4 42. Ke4 g4 43. Rh1 g3 44. Rh7+ Ke6 45. Rh6 Kf7 46.
Rh7+ Kg6 47. Rh8 Kf7 48. Rh7+ Ke6 49. Rh6 Nf5 50. Rh1 g2 51. Rg1 Nh4 52. Kd3
Bh2 53. Re1+ Kd7 0-1

[Event "CRO Team Cup"]
[Site "Mali Losinj"]
[Date "2017.05.10"]
[Round "1.22"]
[White "Markus, Robert"]
[Black "Zelic, Branko"]
[Result "1-0"]
[WhiteElo "2673"]
[BlackElo "2239"]
[PlyCount "83"]
[EventDate "2017.??.??"]
[WhiteClock "1:30:00"]
[BlackClock "0:08:52"]

1. d4 Nf6 2. c4 b6 3. Nc3 Bb7 4. d5 e5 5. Nf3 d6 6. e4 Nbd7 7. Bd3 Be7 8. Be3
a5 9. Nd2 Nc5 10. Bc2 Bc8 11. h3 g6 12. a3 Nh5 13. b4 Nd7 14. g3 Bg5 15. Bxg5
Qxg5 16. Ba4 axb4 17. axb4 O-O 18. Nb5 Qd8 19. Bc2 Ba6 20. Nc3 Qe7 21. O-O Ndf6
22. Qe2 Qd7 23. Kg2 Bb7 24. Ba4 Qe7 25. Bc6 Rxa1 26. Rxa1 Bc8 27. Ra8 h6 28.
Qe3 g5 29. Nb5 Nf4+ 30. gxf4 gxf4 31. Qf3 Kh7 32. Kf1 Rg8 33. Na7 Ng4 34. hxg4
Bxg4 35. Qh1 Rg5 36. Nf3 Rh5 37. Qg1 f5 38. exf5 Qg7 39. Be8 Rxf5 40. Bd7 Qg6
41. Qg2 Rf8 42. Rxf8 1-0

[Event "CRO Team Cup"]
[Site "Mali Losinj"]
[Date "2017.05.10"]
[Round "1.23"]
[White "Kurecic, Mladen"]
[Black "Jovanic, Ognjen"]
[Result "0-1"]
[WhiteElo "2023"]
[BlackElo "2492"]
[PlyCount "64"]
[EventDate "2017.??.??"]
[WhiteClock "0:02:58"]
[BlackClock "1:30:00"]

1. b3 d5 2. Bb2 Bf5 3. Nf3 e6 4. e3 c6 5. c4 Nf6 6. Be2 h6 7. O-O Nbd7 8. Nd4
Bh7 9. f4 Bd6 10. f5 e5 11. Nc2 O-O 12. Nc3 a6 13. b4 dxc4 14. Bxc4 e4 15. d4
exd3 16. Bxd3 Ne5 17. Be2 Qc7 18. Qd4 c5 19. Qh4 cxb4 20. Nxb4 Qb6 21. Rf4 a5
22. Ne4 Nxe4 23. Rxe4 Bxf5 24. Bxe5 Bxe4 25. Bd4 Qxb4 26. Qxe4 Rae8 27. Qf5 Be5
28. Rb1 Qe7 29. Bb6 Qf6 30. Qg4 Re6 31. Bxa5 Bc3 32. Bb6 Rxb6 0-1

[Event "CRO Team Cup"]
[Site "Mali Losinj"]
[Date "2017.05.10"]
[Round "1.24"]
[White "Kuljasevic, Davorin"]
[Black "Tretinjak, Dario"]
[Result "1-0"]
[WhiteElo "2542"]
[BlackElo "1818"]
[PlyCount "51"]
[EventDate "2017.??.??"]
[WhiteClock "1:30:00"]
[BlackClock "0:02:58"]

1. d4 Nf6 2. c4 e6 3. Nc3 d5 4. cxd5 exd5 5. Bg5 Be7 6. e3 c6 7. Qc2 O-O 8. Bd3
h6 9. Bh4 Nbd7 10. Nge2 Nb6 11. O-O Be6 12. f3 Nc4 13. Bf2 b5 14. h3 Qc8 15. e4
dxe4 16. fxe4 Nh5 17. e5 f5 18. exf6 Nxf6 19. Nf4 Bf7 20. Bf5 Qb8 21. Ne6 Re8
22. Rae1 Nd6 23. Bg6 Qc8 24. Bxf7+ Kxf7 25. Bh4 Rh8 26. Nxg7 1-0

[Event "CRO Team Cup"]
[Site "Mali Losinj"]
[Date "2017.05.10"]
[Round "1.31"]
[White "Martinovic, Sasa"]
[Black "Rogulj, Branko"]
[Result "1-0"]
[WhiteElo "2552"]
[BlackElo "2410"]
[PlyCount "95"]
[EventDate "2017.??.??"]
[WhiteClock "1:30:00"]
[BlackClock "0:09:51"]

1. d4 Nf6 2. c4 g6 3. f3 d5 4. cxd5 c6 5. e4 cxd5 6. e5 Nh5 7. Nc3 Nc6 8. Be3
Ng7 9. Bb5 Bd7 10. Nge2 e6 11. O-O a6 12. Bd3 Be7 13. a3 O-O 14. b4 f6 15. f4
b5 16. Kh1 Rc8 17. Qd2 a5 18. Na2 axb4 19. axb4 Qb6 20. Nec1 fxe5 21. dxe5 d4
22. Bg1 Rfd8 23. Nb3 Be8 24. Rfc1 Nf5 25. Qe2 Na7 26. Rxc8 Nxc8 27. Rc1 Ne3 28.
Nc5 Nd5 29. Qd2 Ne3 30. Bxe3 dxe3 31. Qxe3 Bc6 32. Nc3 Bxc5 33. bxc5 Qa5 34.
Ne4 Qa3 35. Nd6 Ne7 36. Qd2 b4 37. Bc4 Bd5 38. Bxd5 Nxd5 39. f5 b3 40. fxe6 Rb8
41. c6 b2 42. Rb1 Qc5 43. Rxb2 Rf8 44. h3 Ne7 45. Rb5 Qxc6 46. Rb7 Nf5 47. Rf7
Ng3+ 48. Kh2 1-0

[Event "CRO Team Cup"]
[Site "Mali Losinj"]
[Date "2017.05.10"]
[Round "1.32"]
[White "Podravec, Kresimir"]
[Black "Cvitan, Ognjen"]
[Result "0-1"]
[WhiteElo "2171"]
[BlackElo "2485"]
[PlyCount "116"]
[EventDate "2017.??.??"]
[WhiteClock "0:20:40"]
[BlackClock "1:30:00"]

1. e4 c5 2. c3 Nf6 3. e5 Nd5 4. d4 cxd4 5. Nf3 d6 6. cxd4 Nc6 7. Bc4 Nb6 8. Bb5
dxe5 9. Nxe5 Bd7 10. Nxd7 Qxd7 11. O-O e6 12. Nc3 Rd8 13. Qf3 Be7 14. Be3 O-O
15. Bxc6 bxc6 16. Rac1 Qb7 17. b3 Rd7 18. Rc2 Rfd8 19. Ne4 Nd5 20. Nc5 Bxc5 21.
Rxc5 Qa6 22. Ra1 h6 23. g4 Rd6 24. h4 Nxe3 25. fxe3 Rd5 26. Rc2 Qb7 27. Rac1
Qe7 28. Rxc6 Qxh4 29. R6c5 h5 30. gxh5 Rg5+ 31. Rxg5 Qxg5+ 32. Kf2 Rxd4 33.
exd4 Qd2+ 34. Kg3 Qxc1 35. Kh3 Qc7 36. Qg4 Qc3+ 37. Kh2 Qb2+ 38. Kh3 Qxa2 39.
h6 Qxb3+ 40. Kh4 g6 41. Qf4 Qb7 42. Kg3 Qe7 43. Qb8+ Kh7 44. Qe5 Qf8 45. Qc5
Qb8+ 46. Kg4 Kxh6 47. Qc1+ Kg7 48. Qc3 Kg8 49. Kg5 Qd8+ 50. Kg4 Qd5 51. Qb2 a5
52. Qb8+ Kg7 53. Qa7 e5 54. dxe5 Qe4+ 55. Kh3 Qxe5 56. Kg4 Qa1 57. Kg5 a4 58.
Qd4+ f6+ 0-1

[Event "CRO Team Cup"]
[Site "Mali Losinj"]
[Date "2017.05.10"]
[Round "1.33"]
[White "Kurajica, Bojan"]
[Black "Greb, Nikola"]
[Result "1-0"]
[WhiteElo "2528"]
[BlackElo "2049"]
[PlyCount "55"]
[EventDate "2017.??.??"]
[WhiteClock "1:30:00"]
[BlackClock "0:30:30"]

1. Nf3 Nf6 2. c4 c5 3. Nc3 e6 4. g3 b6 5. Bg2 Bb7 6. O-O Be7 7. d4 O-O 8. d5
exd5 9. Nh4 d6 10. Nf5 Qd7 11. Nxd5 Nxd5 12. Bxd5 Nc6 13. e4 Nd4 14. Bxb7 Qxb7
15. Nxd4 cxd4 16. Qxd4 Bf6 17. Qd3 Rac8 18. Rb1 Rfe8 19. f3 Qa6 20. b3 d5 21.
exd5 Qxa2 22. Bd2 b5 23. Rfe1 Rxe1+ 24. Rxe1 Qa3 25. d6 Rd8 26. d7 Kf8 27. Qxh7
Rxd7 28. Qh8# 1-0

[Event "CRO Team Cup"]
[Site "Mali Losinj"]
[Date "2017.05.10"]
[Round "1.34"]
[White "Erenda, Bruno"]
[Black "Kovacevic, Vlatko"]
[Result "0-1"]
[WhiteElo "1989"]
[BlackElo "2454"]
[PlyCount "104"]
[EventDate "2017.??.??"]
[WhiteClock "0:21:39"]
[BlackClock "1:30:00"]

1. e4 e6 2. d4 d5 3. exd5 exd5 4. Nc3 Nc6 5. Bb5 Nf6 6. Bg5 Be7 7. Qd2 O-O 8.
Nge2 h6 9. Bf4 Bf5 10. O-O Qd7 11. Rae1 Rfe8 12. f3 Bd6 13. Bg3 a6 14. Bd3 Bxg3
15. hxg3 Bxd3 16. Qxd3 Nb4 17. Qd2 Qf5 18. Rc1 h5 19. Na4 b6 20. Rfe1 a5 21. a3
Nc6 22. Qc3 Qd7 23. Qd3 Ne7 24. Nac3 Nf5 25. Nd1 Nxg3 26. Ne3 Qd6 27. Nxg3 Qxg3
28. Re2 g6 29. Rce1 Kg7 30. c4 c6 31. Qb3 h4 32. cxd5 cxd5 33. Qb5 Qd6 34. Nf5+
gxf5 35. Rxe8 Rxe8 36. Rxe8 Nxe8 37. Qxe8 Qf4 38. Qe2 Qxd4+ 39. Kh1 Qf4 40. Qc2
d4 41. b4 axb4 42. axb4 Qe5 43. Qc4 Qd6 44. b5 d3 45. Qc3+ Kg6 46. Qd2 Qd5 47.
Kh2 Qxb5 48. Kh3 Qe5 49. f4 Qe2 50. Qb4 d2 51. Qd6+ Kh7 52. Qf6 Qg4+ 0-1

[Event "CRO Team Cup"]
[Site "Mali Losinj"]
[Date "2017.05.10"]
[Round "1.41"]
[White "Drmic, Tomislav"]
[Black "Saric, Ante"]
[Result "0-1"]
[WhiteElo "2544"]
[BlackElo "2247"]
[PlyCount "142"]
[EventDate "2017.??.??"]
[WhiteClock "1:30:00"]
[BlackClock "1:30:00"]

1. c4 e6 2. Nc3 d5 3. cxd5 exd5 4. d4 c6 5. Nf3 Bf5 6. Bf4 Bd6 7. Bxd6 Qxd6 8.
e3 Nd7 9. Bd3 Ne7 10. Bxf5 Nxf5 11. Rb1 a5 12. O-O O-O 13. Qc2 Qg6 14. Rfc1
Rfe8 15. a3 Nd6 16. Qxg6 hxg6 17. b3 f6 18. Ne1 g5 19. h3 Kf7 20. Nd3 Re7 21.
Rb2 Kg6 22. a4 Nf8 23. Nb1 Ne6 24. Nd2 Nc7 25. Nc5 Na6 26. Nxa6 Rxa6 27. Nf3
Ra8 28. Ne1 Kf7 29. Nd3 Ke8 30. Rbc2 Kd7 31. Rc5 Kd8 32. Kf1 Ra6 33. Ke2 Ra8
34. Rh1 Nf5 35. Kd2 Nh4 36. Ne1 Kd7 37. Kd3 Kd6 38. Rc2 b6 39. Re2 Rh8 40. Rg1
Rb8 41. Kc3 Re4 42. Rb2 c5 43. Nc2 f5 44. Kd3 f4 45. dxc5+ bxc5 46. Na3 Rxa4
47. Nc2 fxe3 48. fxe3 Re4 49. Ra1 a4 50. b4 c4+ 51. Kd2 Nxg2 52. Rxa4 Nxe3 53.
Nxe3 c3+ 54. Kxc3 Rxe3+ 55. Kd4 Re4+ 56. Kd3 Rh8 57. Ra6+ Ke5 58. Rh2 g4 59. h4
Rxb4 60. Rg6 Rd4+ 61. Ke3 Re4+ 62. Kd3 Ra8 63. Rb2 Ra3+ 64. Kd2 Rh3 65. Rg5+
Kf4 66. Rb7 Rd4+ 67. Ke2 Rxh4 68. Rbxg7 Rh2+ 69. Ke1 Kg3 70. Rd7 Re4+ 71. Kd1
Ra4 0-1

[Event "CRO Team Cup"]
[Site "Mali Losinj"]
[Date "2017.05.10"]
[Round "1.42"]
[White "Saric, Ibro"]
[Black "Aleksic, Robert"]
[Result "1-0"]
[WhiteElo "2555"]
[BlackElo "2132"]
[PlyCount "81"]
[EventDate "2017.??.??"]
[WhiteClock "1:30:00"]
[BlackClock "1:30:00"]

1. d4 d5 2. Nf3 Nf6 3. c4 e6 4. e3 Be7 5. Nc3 O-O 6. Bd3 b6 7. O-O Bb7 8. cxd5
exd5 9. b3 Ne4 10. Bb2 Nxc3 11. Bxc3 Nd7 12. Qc2 h6 13. Rfd1 Bd6 14. b4 a6 15.
a4 Qe7 16. b5 axb5 17. axb5 Rfe8 18. Bh7+ Kh8 19. Bf5 Nf8 20. Ne5 g6 21. Bd3
Kg7 22. Bb2 h5 23. Nc6 Qh4 24. g3 Qg5 25. e4 dxe4 26. d5+ Kh7 27. Bxe4 Nd7 28.
Bg2 h4 29. Bh3 hxg3 30. hxg3 Ne5 31. Kg2 Bxc6 32. dxc6 Rxa1 33. Bxa1 Qh5 34.
Qb3 Kg8 35. Rxd6 cxd6 36. c7 Qe2 37. Bxe5 Qxe5 38. c8=Q Rxc8 39. Bxc8 d5 40.
Bb7 Qe4+ 41. Qf3 1-0

[Event "CRO Team Cup"]
[Site "Mali Losinj"]
[Date "2017.05.10"]
[Round "1.43"]
[White "Leakovic, Ivica"]
[Black "Plenca, Julijan"]
[Result "0-1"]
[WhiteElo "2103"]
[BlackElo "2406"]
[PlyCount "108"]
[EventDate "2017.??.??"]
[WhiteClock "1:30:00"]
[BlackClock "1:30:00"]

1. Nf3 Nf6 2. c4 g6 3. g3 Bg7 4. Bg2 O-O 5. O-O d6 6. Nc3 Nc6 7. d4 a6 8. h3
Bd7 9. e3 Rb8 10. b3 b5 11. Bd2 b4 12. Ne2 Ne4 13. Be1 e5 14. Nxe5 dxe5 15.
Bxe4 exd4 16. exd4 Re8 17. Bg2 Qe7 18. Nf4 Nxd4 19. Kh1 Bf5 20. Rc1 Ne2 21. Nd5
Qd8 22. Nxb4 Nxc1 23. Qxc1 Be4 24. Bxe4 Rxe4 25. Nxa6 Ra8 26. Nc5 Re2 27. Na4
Qd7 28. Kg2 Qc6+ 29. Kg1 Bd4 30. Bc3 Be3 31. Qxe3 Rxe3 32. fxe3 Qd6 33. Kg2 c5
34. Rf2 f5 35. Rd2 Qc6+ 36. Kf2 Re8 37. Rd5 Qa8 38. Be5 Rd8 39. Bd6 Qa5 40. Ke2
Qa6 41. Nxc5 Qxa2+ 42. Rd2 Qa8 43. Ne6 Qg2+ 44. Kd1 Qf3+ 45. Kc1 Ra8 46. Bf4
Qh1+ 47. Kb2 Ra1 48. Rc2 Ra6 49. Rc1 Qg2+ 50. Rc2 Qf1 51. Rc1 Qe2+ 52. Rc2 Qe1
53. Rc1 Qd2+ 54. Rc2 Qa5 0-1

[Event "CRO Team Cup"]
[Site "Mali Losinj"]
[Date "2017.05.10"]
[Round "1.44"]
[White "Matko, Ognjen"]
[Black "Zubak, Zeljko"]
[Result "1-0"]
[WhiteElo "2302"]
[BlackElo "2005"]
[PlyCount "133"]
[EventDate "2017.??.??"]
[WhiteClock "1:30:00"]
[BlackClock "1:30:00"]

1. c4 Nf6 2. Nc3 e6 3. e4 d5 4. e5 Nfd7 5. d4 dxc4 6. Bxc4 Nb6 7. Bd3 c5 8.
dxc5 Bxc5 9. Nf3 Nc6 10. a3 Nd5 11. Ne4 Be7 12. Qe2 h6 13. O-O Bd7 14. Bd2 Na5
15. Nd4 a6 16. Rac1 Nc6 17. Nxc6 Bxc6 18. Rfe1 Qd7 19. Nc5 Bxc5 20. Rxc5 Rd8
21. Bb1 Qe7 22. Rec1 h5 23. Bd3 Qd7 24. Bb1 Qe7 25. b4 Qd7 26. Bg5 Ra8 27. Qc4
Nb6 28. Qf4 Nd5 29. Qh4 Nb6 30. h3 Nd5 31. Qg3 a5 32. Bh4 Kf8 33. bxa5 Qc7 34.
Be4 Rxa5 35. Bxd5 Rxc5 36. Rxc5 exd5 37. Qc3 Qd7 38. Ra5 Qe8 39. Ra7 Kg8 40. f4
Qc8 41. Qd3 Rh6 42. f5 Bd7 43. Qxd5 Ra6 44. Rxb7 Be8 45. Rb3 Qxf5 46. Rg3 Rg6
47. Rxg6 Qxg6 48. Qd8 Qc6 49. Kh2 Kh7 50. Bg3 Bd7 51. Qg5 Qg6 52. Qd2 Qc6 53.
Bf4 Bf5 54. Be3 Be4 55. Qf2 Qd5 56. Qg3 Bg6 57. a4 Qa5 58. Qf4 Qd5 59. Qd4 Be4
60. Qb2 Qb7 61. Qe2 g6 62. Qf2 Bd5 63. Bd4 Kg8 64. e6 fxe6 65. Qf6 Bxg2 66.
Qxg6+ Kf8 67. Bc5+ 1-0

[Event "CRO Team Cup"]
[Site "Mali Losinj"]
[Date "2017.05.10"]
[Round "1.51"]
[White "Bosiocic, Marin"]
[Black "Bender, Ivan"]
[Result "1-0"]
[WhiteElo "2603"]
[BlackElo "2248"]
[PlyCount "73"]
[EventDate "2017.??.??"]
[WhiteClock "1:30:00"]
[BlackClock "0:01:00"]

1. e4 e5 2. Nf3 Nc6 3. Bb5 Nf6 4. d3 Bc5 5. Bxc6 dxc6 6. Nbd2 Bd6 7. O-O O-O 8.
Nc4 Nd7 9. b3 c5 10. a4 b6 11. Be3 Qe7 12. g3 Nb8 13. Nh4 Nc6 14. Kh1 Be6 15.
f3 Qd7 16. g4 Be7 17. Nf5 Qd8 18. Qd2 h6 19. Bxh6 Bxf5 20. gxf5 Bf6 21. Rg1 Kh7
22. Bxg7 Bxg7 23. Rxg7+ Kxg7 24. Rg1+ Kh7 25. Rg5 Qxg5 26. Qxg5 f6 27. Qg6+ Kh8
28. Ne3 Rad8 29. Nd5 Rxd5 30. exd5 Ne7 31. Qh5+ Kg7 32. c4 Rh8 33. Qg4+ Kf7 34.
f4 Rh7 35. fxe5 fxe5 36. Qg5 Rg7 37. Qh5+ 1-0

[Event "CRO Team Cup"]
[Site "Mali Losinj"]
[Date "2017.05.10"]
[Round "1.52"]
[White "Jelcic, Marko"]
[Black "Tica, Sven"]
[Result "0-1"]
[WhiteElo "2147"]
[BlackElo "2332"]
[PlyCount "144"]
[EventDate "2017.??.??"]
[WhiteClock "0:01:00"]
[BlackClock "1:30:00"]

1. e4 c6 2. d4 d5 3. exd5 cxd5 4. c4 Nf6 5. Nc3 e6 6. Nf3 Be7 7. cxd5 Nxd5 8.
Bd3 Nc6 9. O-O O-O 10. Re1 Bf6 11. Be4 Nxc3 12. bxc3 Qc7 13. Bg5 Bxg5 14. Nxg5
h6 15. Nf3 Rd8 16. Bc2 b6 17. Qd3 g6 18. h4 h5 19. Ng5 Bb7 20. Rxe6 Ne7 21. Rf6
Bd5 22. Bb3 Rd6 23. Qg3 Rc6 24. Rxc6 Qxc6 25. Qf4 Rf8 26. Bxd5 Nxd5 27. Qe4
Qxc3 28. Rd1 Qc4 29. Rd3 Nf6 30. Qf3 Qxa2 31. d5 Qa1+ 32. Rd1 Qe5 33. d6 Rd8
34. g3 Rd7 35. Qb3 Kg7 36. Qb4 Ne8 37. Nf3 Qf6 38. Ng5 Rxd6 39. Re1 Nc7 40. Ne4
Rd4 41. Qb2 Qd8 42. Qa1 a5 43. Ng5 Kg8 44. Kh2 Na6 45. Re3 Nc5 46. Rf3 Rd7 47.
Qa2 Qc7 48. Rf6 Kg7 49. Qb2 Kg8 50. Rxb6 Na4 51. Rb8+ Rd8 52. Rxd8+ Qxd8 53.
Qe5 Nb6 54. Ne4 Nc4 55. Nf6+ Kh8 56. Qa1 Qd2 57. Nxh5+ Qb2 58. Qxb2+ Nxb2 59.
Nf4 a4 60. Ne2 a3 61. Nc1 Nd3 62. Na2 Nxf2 63. Kg2 Ng4 64. Kf3 f5 65. Kf4 Nf6
66. Kg5 Kg7 67. Nb4 Ne4+ 68. Kf4 Nc3 69. Nc2 a2 70. g4 Nd5+ 71. Ke5 fxg4 72.
Ke4 g3 0-1

[Event "CRO Team Cup"]
[Site "Mali Losinj"]
[Date "2017.05.10"]
[Round "1.53"]
[White "Petrov, Jole"]
[Black "Ivankovic, Ivo"]
[Result "1-0"]
[WhiteElo "2390"]
[BlackElo "2174"]
[PlyCount "83"]
[EventDate "2017.??.??"]
[WhiteClock "1:30:00"]
[BlackClock "0:27:33"]

1. Nf3 c5 2. c4 b6 3. g3 Bb7 4. Bg2 g6 5. d4 cxd4 6. Qxd4 Nf6 7. Nc3 Bg7 8. O-O
O-O 9. Qh4 Qc8 10. Rd1 Rd8 11. Be3 Na6 12. Rac1 d6 13. Bh3 Qb8 14. b3 Nc5 15.
Nd5 Bxd5 16. cxd5 Qb7 17. b4 Ncd7 18. Nd4 b5 19. Nc6 Re8 20. Na5 Qb8 21. Bg5
Ne5 22. Nc6 Qb7 23. Nxe5 dxe5 24. d6 h6 25. Bxh6 exd6 26. Rxd6 Bxh6 27. Qxh6
Ne4 28. Bg2 Qe7 29. Bxe4 Qxd6 30. Bxa8 Rxa8 31. a3 a5 32. bxa5 Qxa3 33. h4 Qxa5
34. h5 gxh5 35. Qg5+ Kf8 36. Qxe5 Re8 37. Qh8+ Ke7 38. Qe5+ Kf8 39. Qc5+ Kg7
40. Qg5+ Kf8 41. Qh6+ Kg8 42. Rc5 1-0

[Event "CRO Team Cup"]
[Site "Mali Losinj"]
[Date "2017.05.10"]
[Round "1.54"]
[White "Music, Tomislav"]
[Black "Zelenika, Srdjan"]
[Result "0-1"]
[WhiteElo "2066"]
[BlackElo "2219"]
[PlyCount "84"]
[EventDate "2017.??.??"]
[WhiteClock "0:29:31"]
[BlackClock "1:30:00"]

1. d4 Nf6 2. c4 g6 3. Nc3 Bg7 4. e4 d6 5. f4 O-O 6. Nf3 Na6 7. Be2 e5 8. fxe5
dxe5 9. d5 Nc5 10. Qc2 Nfxe4 11. Nxe4 Bf5 12. Bd3 Bxe4 13. Bxe4 f5 14. Bg5 Qd6
15. Nd2 fxe4 16. O-O-O Rf2 17. Rhg1 Re2 18. Kb1 e3 19. Ne4 Nxe4 20. Qxe2 Nxg5
21. Qxe3 Nf7 22. c5 Qd7 23. Rgf1 b6 24. Rf2 Re8 25. Rdf1 Nh6 26. Qb3 bxc5 27.
d6+ Kh8 28. dxc7 Qxc7 29. g4 e4 30. Qa4 Qe7 31. h3 e3 32. Re2 Bd4 33. Qc4 Qe4+
34. Qc2 Qe5 35. Qd3 Kg7 36. Qc4 Rb8 37. b3 Rb7 38. Qd3 Nf7 39. h4 Nd6 40. Rd1
Ne4 41. Qa6 Nc3+ 42. Kc2 Qe4+ 0-1

[Event "CRO Team Cup"]
[Site "Mali Losinj"]
[Date "2017.05.10"]
[Round "1.61"]
[White "Tomulic, Teo"]
[Black "Jovanovic, Zoran"]
[Result "0-1"]
[WhiteElo "2319"]
[BlackElo "2537"]
[PlyCount "198"]
[EventDate "2017.??.??"]
[WhiteClock "1:30:00"]
[BlackClock "1:30:00"]

1. d4 d6 2. e4 Nf6 3. Nc3 e5 4. Nf3 Nbd7 5. Bc4 Be7 6. O-O O-O 7. Re1 c6 8. a4
exd4 9. Nxd4 Ne5 10. Ba2 Re8 11. Bf4 Bf8 12. h3 a5 13. Qd2 Qb6 14. Bb3 Bxh3 15.
Be3 c5 16. Ndb5 Be6 17. Bxe6 fxe6 18. Bf4 Nf7 19. Rad1 Rad8 20. Qd3 Qc6 21. Qf3
d5 22. exd5 Nxd5 23. Nxd5 Rxd5 24. Rc1 Rf5 25. Qg4 h5 26. Qg3 e5 27. Bd2 Re6
28. Rcd1 Rg6 29. Qh2 h4 30. Nc3 Ng5 31. Bxg5 Rfxg5 32. Ne4 Rxg2+ 33. Qxg2 Rxg2+
34. Kxg2 Be7 35. f3 Qxa4 36. Re2 Qc6 37. b3 Qg6+ 38. Kf2 h3 39. Ke3 Qf5 40. Rf1
b5 41. c4 bxc4 42. bxc4 Bg5+ 43. Kf2 Bh4+ 44. Kg1 Qf4 45. Kh1 a4 46. Rh2 Qf5
47. Ra2 Qd7 48. Nxc5 Qc6 49. Ne4 Qxc4 50. Rfa1 Qf7 51. Ra3 Be7 52. Rc3 Qg6 53.
Ra2 Qa6 54. Kh2 a3 55. Kg3 Qf1 56. Rf2 Qa6 57. Ra2 Kh7 58. Ra1 Qe2 59. Kxh3 Qb2
60. Rcc1 Qe2 61. Kg3 Kg6 62. Re1 Qc4 63. Rac1 Qa4 64. Re2 Kf5 65. Kg2 Qa6 66.
Ng3+ Kg6 67. Rcc2 Bg5 68. Ne4 Bf4 69. Nc3 Qd3 70. Ne4 Qa6 71. Ra2 Kf5 72. Rec2
Qg6+ 73. Kf1 Qh5 74. Rxa3 Qh1+ 75. Ke2 Qg2+ 76. Nf2 Bg3 77. Ke3 Qg1 78. Raa2 g5
79. Kd3 Qf1+ 80. Kc3 Kf4 81. Nd3+ Kxf3 82. Rc1 Qh3 83. Ra3 e4 84. Nc5 e3 85.
Kc4 Bf4 86. Rcc3 Qf5 87. Rd3 Qf7+ 88. Kb5 Qe8+ 89. Kc4 Kg4 90. Rd1 Kf3 91. Nb3
Qc6+ 92. Kd3 Qe4+ 93. Kc3 Be5+ 94. Nd4+ Kf2 95. Ra2+ e2 96. Rdd2 Kf1 97. Rxe2
Qxd4+ 98. Kb3 Qd3+ 99. Kb4 Qxe2 0-1

[Event "CRO Team Cup"]
[Site "Mali Losinj"]
[Date "2017.05.10"]
[Round "1.62"]
[White "Pikula, Dejan"]
[Black "Begonja, Veljko"]
[Result "1/2-1/2"]
[WhiteElo "2452"]
[BlackElo "2125"]
[PlyCount "93"]
[EventDate "2017.??.??"]
[WhiteClock "1:30:00"]
[BlackClock "1:30:00"]

1. e4 g6 2. d4 Bg7 3. Nf3 d6 4. Bc4 Nf6 5. Qe2 O-O 6. Bb3 Bg4 7. Nbd2 Nc6 8. c3
e5 9. d5 Ne7 10. h3 Bc8 11. Nf1 Nh5 12. g4 Nf4 13. Bxf4 exf4 14. O-O-O h6 15.
N1d2 Re8 16. g5 h5 17. a4 Bd7 18. Nc4 Nc8 19. a5 a6 20. h4 Bg4 21. Qd3 Bxf3 22.
Qxf3 Be5 23. Ba4 Rf8 24. Qd3 Qe7 25. f3 Rd8 26. Kc2 Rb8 27. Ra1 Kh7 28. Rhg1
Na7 29. Rgd1 Nc8 30. Rd2 Rg8 31. Bb3 Rd8 32. Ba4 Rg8 33. b4 Na7 34. Kb3 Rgd8
35. Ka3 Bg7 36. Rc1 Nc8 37. Kb3 Be5 38. Na3 Na7 39. Ka2 Ra8 40. Nc4 Bg7 41. Kb1
Rab8 42. Na3 Be5 43. Rb2 Bg7 44. Ka2 Ra8 45. Rbb1 Rdc8 46. Rc2 Rd8 47. Rd1
1/2-1/2

[Event "CRO Team Cup"]
[Site "Mali Losinj"]
[Date "2017.05.10"]
[Round "1.63"]
[White "Safar, Sandro"]
[Black "Djurovic, Goran"]
[Result "0-1"]
[WhiteElo "2179"]
[BlackElo "2389"]
[PlyCount "132"]
[EventDate "2017.??.??"]
[WhiteClock "0:03:57"]
[BlackClock "1:30:00"]

1. e4 c5 2. Nc3 Nc6 3. f4 g6 4. Nf3 Bg7 5. d3 d6 6. g3 e6 7. Bg2 Nge7 8. O-O
O-O 9. Ne2 b6 10. c3 Ba6 11. Be3 d5 12. e5 d4 13. cxd4 Nf5 14. Bf2 Ncxd4 15.
Nfxd4 cxd4 16. Bxa8 Qxa8 17. Nxd4 Nxd4 18. Bxd4 Rd8 19. Bc3 Rxd3 20. Qa4 Bb7
21. Rad1 Qd8 22. Rxd3 Qxd3 23. Qd4 Qc2 24. Bd2 Qc6 25. Kf2 a5 26. b4 Bf8 27.
Ke3 Qg2 28. Rf2 Qc6 29. Bc3 h5 30. Kd2 Qb5 31. bxa5 bxa5 32. Qd8 a4 33. Qa5 Qc4
34. Ke1 Qe4+ 35. Re2 Qd3 36. Rd2 Qe3+ 37. Re2 Qc1+ 38. Kf2 Qa3 39. Bd4 Qf3+ 40.
Ke1 Qh1+ 41. Kd2 a3 42. Qb5 Bc6 43. Qb6 Qd5 44. Ke1 Qh1+ 45. Kd2 Kg7 46. f5
gxf5 47. Qd8 Qf3 48. Bc3 Bb5 49. Re1 Qf2+ 50. Kc1 Qxa2 51. Re3 Qxh2 52. Qg5+
Kh7 53. Qf6 Ba4 54. Qxf7+ Bg7 55. Kb1 Qc2+ 56. Ka1 Qc1+ 57. Ka2 Qxe3 58. Qxh5+
Kg8 59. Kxa3 Bc6 60. Kb2 Qf2+ 61. Kb3 Bd5+ 62. Ka4 Qa7+ 63. Kb5 Qb7+ 64. Ka5
Qc7+ 65. Kb5 Qc4+ 66. Kb6 Qc6+ 0-1